00837nac a22002291u 4500010001700000020002800017020002200045082001600067090001500083100003400098245008500132260006300217300002700280500002600307504005100333511002400384650001700408700002900425942001800454999001500472952012000487 a 2001021047 a0745624014 (alk. paper) a0745624022 (pbk.)00a320.54bGUI c8324d8324 aGuibernau, Montserrat 00aUnderstanding nationalism /cedited by Montserrat Guibernau and John Hutchinson. aCambridge :bPolity ;aMalden, MA :bBlackwell,2001c2001. axiii, 284 p. ;c24 cm. aDistributer: Al-Ahram aIncludes bibliographical references and index. aCatalogued by: Sara 0aNationalism.1 aHutchinson, John,d1949- cBBk320.54GUI c8324d8324 00104070aMAINbMAINc1STd2008-03-03ePurchasel7m19o320.54GUIp000010122r2025-07-15 00:00:00s2022-04-13yBB